00552 2200205 4500001002100000005001500021035002000036007000300056008004100059020002200100082000800122084001400130100001100144245005700155250001100212260004000223300004600263650001800309700001900327INLIS00000000000047020221107104138 a0010-1122000064ta221107 b 1 ind  a978-602-252-832-6 a813 a813 ALD p0 aAldora1 aPutri Kemuning :bKisah Sepuluh Putri Raja /cAldora aCet. I aJakarta :bErlangga For Kids,c2017 a24 halaman :bilustrasi berwarna ;c20 cm 4aCerita Rakyat0 aAndina Subarjo